000 00552nam a2200193 a 4500
001 1777282226421
003 YourLibrary
005 20260427150502.0
008 260427s2000##################000#0#eng##
020 _a9780521777544
082 0 4 _a378.4259
_bCAM
100 1 _aCambridge, University of,
_eauthor.
245 1 0 _aThe Cambridge University List of Members up to 31 July 1998 :
260 _bCambridge University Press,
_c2000.
300 _a900 pages
650 0 _aReference.
942 _cENGLISH
040 _aYourLibrary
_beng
_cYourLibrary
999 _c620005
_d620005